[Event "3MCR_4D_2LB_1S"]
[Site "?"]
[Date "1999.??.??"]
[Round "1"]
[White "Ridky, Vladimir"]
[Black "Horacek, Jiri"]
[Result "0-1"]
[WhiteElo "2215"]
[BlackElo "2185"]
[PlyCount "66"]
[EventDate "1999.??.??"]
[EventType "corr"]

1. d4 d5 2. c4 e6 3. Nc3 Nf6 4. Nf3 Be7 5. g3 O-O 6. Bg2 dxc4 7. Ne5 c5 8. dxc5
Qc7 9. Nxc4 Bxc5 10. Be3 Ng4 11. O-O Nxe3 12. Nxe3 Bxe3 13. fxe3 Bd7 14. Qb3
Bc6 15. e4 Qa5 16. Qa3 Qxa3 17. bxa3 Nd7 18. Rfd1 Ne5 19. Rd4 Rfc8 20. Rb1 Be8
21. Nd1 Rc2 22. Rxb7 Rxa2 23. Nb2 Rxa3 24. Nd3 Ra1+ 25. Kf2 Ng4+ 26. Kf3 Nxh2+
27. Ke3 a5 28. Rc4 h5 29. Rcc7 Ng4+ 30. Kf4 e5+ 31. Nxe5 g5+ 32. Kf5 Nxe5 33.
Kxe5 Rg1 0-1

[Event "3MCR_4D_2LB_1S"]
[Site "?"]
[Date "1999.??.??"]
[Round "1"]
[White "Hlavacek, Rudolf"]
[Black "Ridky, Vladimir"]
[Result "1-0"]
[WhiteElo "2250"]
[BlackElo "2215"]
[PlyCount "63"]
[EventDate "1999.??.??"]
[EventType "corr"]

1. d4 d5 2. c4 dxc4 3. Nf3 Nf6 4. e3 e6 5. Bxc4 c5 6. O-O a6 7. Bb3 Nc6 8. Qe2
cxd4 9. Rd1 Be7 10. exd4 Na5 11. Bc2 b5 12. Nc3 Bb7 13. Bg5 Rc8 14. Ne5 h6 15.
d5 Nxd5 16. Qh5 Rf8 17. Bxh6 gxh6 18. Bg6 Bf6 19. Bxf7+ Ke7 20. Nxd5+ Bxd5 21.
Bxe6 Kxe6 22. Ng6 Bg5 23. Nxf8+ Qxf8 24. h4 Qf5 25. hxg5 hxg5 26. Re1+ Kf6 27.
Rad1 Nc6 28. Re3 Ne7 29. g4 Qd7 30. f4 gxf4 31. Qh6+ Kf7 32. Qxf4+ 1-0

[Event "3MCR_4D_2LB_1S"]
[Site "?"]
[Date "1999.??.??"]
[Round "1"]
[White "Sebek, Pavel"]
[Black "Janous, Petr"]
[Result "0-1"]
[WhiteElo "2065"]
[BlackElo "2000"]
[PlyCount "70"]
[EventDate "1999.??.??"]
[EventType "corr"]

1. e4 c5 2. Nf3 d6 3. d4 cxd4 4. Nxd4 Nf6 5. Nc3 a6 6. Bg5 e6 7. f4 Qb6 8. Qd2
Qxb2 9. Rb1 Qa3 10. Be2 Nbd7 11. O-O Qc5 12. Kh1 Be7 13. Nb3 Qc7 14. e5 dxe5
15. fxe5 Nxe5 16. Bxf6 gxf6 17. Ne4 f5 18. Ng3 Bd7 19. Na5 b6 20. Nb3 Bc6 21.
Rbd1 O-O 22. Qh6 Kh8 23. Nd4 Bb7 24. Bh5 Rg8 25. Bxf7 Nxf7 26. Qxe6 f4 27. Ne4
Nd8 28. Qf5 Rf8 29. Ne6 Rxf5 30. Nxc7 Bxe4 31. Rfe1 Ra7 32. Ne8 Rd5 33. Kg1
Rxd1 34. Rxd1 Bc6 35. Kf2 Bxe8 0-1

[Event "3MCR_4D_2LB_1S"]
[Site "?"]
[Date "1999.??.??"]
[Round "1"]
[White "Biolek, Richard"]
[Black "Horacek, Jiri"]
[Result "0-1"]
[WhiteElo "2130"]
[BlackElo "2185"]
[PlyCount "74"]
[EventDate "1999.??.??"]
[EventType "corr"]

1. c4 Nf6 2. Nc3 e6 3. e4 c5 4. e5 Ng8 5. Nf3 Nc6 6. d4 cxd4 7. Nxd4 Nxe5 8.
Ndb5 a6 9. Nd6+ Bxd6 10. Qxd6 f6 11. Be3 Ne7 12. Bb6 Nf5 13. Qc5 d6 14. Qa5 Qd7
15. f4 Nc6 16. Qa3 Nce7 17. O-O-O Qc6 18. Qa5 Bd7 19. Rg1 O-O 20. Kb1 Nc8 21.
Bf2 b6 22. Qa3 Nfe7 23. Be2 Qb7 24. Qb3 Kh8 25. c5 dxc5 26. Bxc5 Bc6 27. Ba3 b5
28. Bc5 Rb8 29. Rge1 b4 30. Na4 Qc7 31. Bxe7 Qxe7 32. Bf3 Bb5 33. Rd4 a5 34.
Bd1 e5 35. fxe5 fxe5 36. Rd2 Nd6 37. Rd5 Bc4 0-1

[Event "3MCR_4D_2LB_1S"]
[Site "?"]
[Date "1999.??.??"]
[Round "1"]
[White "Straka, Zdenek"]
[Black "Sebek, Pavel"]
[Result "1-0"]
[WhiteElo "2265"]
[BlackElo "2065"]
[PlyCount "67"]
[EventDate "1999.??.??"]
[EventType "corr"]

1. d4 Nf6 2. Nf3 g6 3. c4 Bg7 4. Nc3 d5 5. Bg5 O-O 6. Bxf6 Bxf6 7. Nxd5 Bg7 8.
Nc3 Bg4 9. e3 c5 10. Be2 cxd4 11. Nxd4 Bxe2 12. Ndxe2 Nc6 13. O-O e6 14. Qxd8
Raxd8 15. Rad1 a6 16. b3 Nb4 17. Nd4 Rd7 18. a3 e5 19. Ne6 Rxd1 20. Rxd1 fxe6
21. axb4 Rf7 22. Ne4 Re7 23. Rd8+ Bf8 24. Nc5 Kf7 25. Rb8 g5 26. g4 h6 27. Nxb7
Rd7 28. Na5 Bd6 29. Rb6 e4 30. Nc6 Bc7 31. Rxa6 Rd6 32. c5 Rd1+ 33. Kg2 Kf6 34.
b5 1-0

[Event "3MCR_4D_2LB_1S"]
[Site "?"]
[Date "1999.??.??"]
[Round "1"]
[White "Kolar, Pavel"]
[Black "Michalek, Frantisek"]
[Result "1-0"]
[WhiteElo "2180"]
[BlackElo "2185"]
[PlyCount "67"]
[EventDate "1999.??.??"]
[EventType "corr"]

1. e4 e5 2. f4 exf4 3. Bc4 Nf6 4. Nc3 c6 5. d4 d5 6. exd5 cxd5 7. Bb5+ Nc6 8.
Bxf4 Bb4 9. Nge2 O-O 10. O-O Nh5 11. Qd3 Nxf4 12. Nxf4 Bxc3 13. Qxc3 Bf5 14.
Bd3 Be4 15. Bxe4 dxe4 16. d5 Qb6+ 17. Kh1 Nd4 18. Rad1 Nb5 19. Qg3 Qd6 20. c4
Nc7 21. Nh5 Qg6 22. Qxc7 Qxh5 23. Qxb7 Rab8 24. Qe7 Rbe8 25. Qxa7 e3 26. Rde1
e2 27. Rf4 g5 28. Rf5 Re4 29. b3 Rfe8 30. d6 Qg6 31. Qc5 h6 32. Qd5 Rd4 33. d7
Rd8 34. Rxg5 1-0

[Event "3MCR_4D_2LB_1S"]
[Site "?"]
[Date "1999.??.??"]
[Round "1"]
[White "Horacek, Jiri"]
[Black "Michalek, Frantisek"]
[Result "1-0"]
[WhiteElo "2185"]
[BlackElo "2185"]
[PlyCount "71"]
[EventDate "1999.??.??"]
[EventType "corr"]

1. e4 e5 2. Nf3 Nc6 3. Bb5 a6 4. Ba4 Nf6 5. O-O Be7 6. Re1 b5 7. Bb3 d6 8. c3
O-O 9. d4 Bg4 10. d5 Na5 11. Bc2 c6 12. h3 Bh5 13. dxc6 Qc7 14. Nbd2 Nxc6 15.
Nf1 Rad8 16. Ng3 Bg6 17. Qe2 d5 18. exd5 Nxd5 19. Bxg6 fxg6 20. a4 b4 21. Qxa6
bxc3 22. bxc3 Kh8 23. Bg5 Ra8 24. Qd3 Bxg5 25. Qxd5 Bf6 26. Ne4 Na5 27. Reb1
Rfd8 28. Qe6 Re8 29. Qb6 Qe7 30. Rb5 Nc4 31. Qc5 Qxc5 32. Rxc5 Rec8 33. Rxc8+
Rxc8 34. a5 Bd8 35. a6 Bb6 36. Rb1 1-0

[Event "3MCR_4D_2LB_1S"]
[Site "?"]
[Date "1999.??.??"]
[Round "1"]
[White "Horacek, Jiri"]
[Black "Svoboda, František"]
[Result "1-0"]
[WhiteElo "2185"]
[BlackElo "2445"]
[PlyCount "75"]
[EventDate "1999.??.??"]
[EventType "corr"]

1. d4 e6 2. Nf3 d5 3. c4 Nf6 4. Nc3 c6 5. e3 Nbd7 6. Bd3 dxc4 7. Bxc4 b5 8. Bd3
Bb7 9. O-O a6 10. e4 c5 11. d5 c4 12. dxe6 fxe6 13. Bc2 Qc7 14. e5 Nxe5 15.
Nxe5 Qxe5 16. Re1 Qd6 17. Bg5 O-O-O 18. Qe2 Qc6 19. Qxe6+ Qxe6 20. Rxe6 Bc5 21.
Rae1 Kb8 22. h3 h6 23. Bf4+ Ka7 24. R1e2 Rhe8 25. Rxe8 Nxe8 26. Re5 Bd4 27. Re7
Kb6 28. Re6+ Kc5 29. Bg6 b4 30. Ne2 b3 31. axb3 cxb3 32. Nxd4 Rxd4 33. Be3 Nf6
34. Re7 Bd5 35. Rxg7 Be6 36. Bb1 Nd5 37. Bxd4+ Kxd4 38. Rg6 1-0

[Event "3MCR_4D_2LB_1S"]
[Site "?"]
[Date "1999.??.??"]
[Round "1"]
[White "Horacek, Jiri"]
[Black "Zitek, Svatoslav"]
[Result "1-0"]
[WhiteElo "2185"]
[BlackElo "1800"]
[PlyCount "93"]
[EventDate "1999.??.??"]
[EventType "corr"]

1. e4 e5 2. Nf3 Nc6 3. Bb5 f5 4. Nc3 fxe4 5. Nxe4 d5 6. Nxe5 dxe4 7. Nxc6 Qg5
8. Qe2 Nf6 9. f4 Qh4+ 10. g3 Qh3 11. Nxa7+ Bd7 12. Bxd7+ Qxd7 13. Nb5 O-O-O 14.
b3 Bc5 15. Bb2 Ng4 16. Rf1 c6 17. Nc3 e3 18. d3 Nf2 19. Qh5 Bb4 20. Ke2 g6 21.
Na4 gxh5 22. Nb6+ Kc7 23. Nxd7 Kxd7 24. a3 Bc5 25. Bxh8 Rxh8 26. c3 Re8 27. a4
h4 28. a5 Bd6 29. a6 bxa6 30. Rxa6 Rg8 31. Ra7+ Ke6 32. Kf3 hxg3 33. hxg3 Nxd3
34. Rxh7 e2 35. Kxe2 Rxg3 36. f5+ Ke5 37. Rh6 Nf4+ 38. Rxf4 Kxf4 39. Rxd6 Kxf5
40. Rxc6 Ke4 41. b4 Rg2+ 42. Kd1 Kd3 43. Kc1 Rc2+ 44. Kb1 Rf2 45. b5 Ke4 46. b6
Rf8 47. c4 1-0

[Event "3MCR_4D_2LB_1S"]
[Site "?"]
[Date "1999.??.??"]
[Round "1"]
[White "Sebek, Pavel"]
[Black "Svoboda, František"]
[Result "0-1"]
[WhiteElo "2065"]
[BlackElo "2445"]
[PlyCount "70"]
[EventDate "1999.??.??"]
[EventType "corr"]

1. e4 e6 2. d4 d5 3. Nc3 Bb4 4. e5 c5 5. a3 Bxc3+ 6. bxc3 Ne7 7. Nf3 b6 8. a4
Ba6 9. Bxa6 Nxa6 10. Qe2 Nb8 11. O-O O-O 12. a5 bxa5 13. dxc5 Qc7 14. Ba3 Rc8
15. Nd4 Nd7 16. f4 Nxc5 17. f5 Nxf5 18. Nxf5 exf5 19. Rxf5 Ne6 20. Raf1 Qxc3
21. Qd3 Qxd3 22. cxd3 Rc7 23. Bd6 Rb7 24. Rc1 Rd8 25. Rf2 f6 26. Rfc2 d4 27.
Rc6 Nf4 28. Rd1 Rb6 29. Rc4 Rb2 30. Rc7 Rxg2+ 31. Kh1 Rg6 32. Rd2 fxe5 33. Be7
Rb8 34. Rc1 Rb3 35. Rf1 h6 0-1

[Event "3MCR_4D_2LB_1S"]
[Site "?"]
[Date "1999.??.??"]
[Round "1"]
[White "Hlavacek, Rudolf"]
[Black "Klempar, Miloslav"]
[Result "1-0"]
[WhiteElo "2250"]
[BlackElo "2290"]
[PlyCount "67"]
[EventDate "1999.??.??"]
[EventType "corr"]

1. d4 Nf6 2. c4 e6 3. Nc3 Bb4 4. f3 d5 5. a3 Be7 6. e4 dxe4 7. fxe4 e5 8. d5
Bc5 9. Nf3 Bg4 10. h3 Bxf3 11. Qxf3 O-O 12. Bd3 Nbd7 13. Bg5 Bd4 14. Ne2 Bxb2
15. Ra2 Bd4 16. Nxd4 exd4 17. O-O Qe7 18. Qf2 h6 19. Bh4 Qe5 20. Qe1 Rfe8 21.
Re2 Qd6 22. Bxf6 gxf6 23. Qh4 Ne5 24. Rxf6 Qxa3 25. Rxh6 Ng6 26. Rxg6+ fxg6 27.
Qg3 Re7 28. e5 Rg7 29. Re4 Qc3 30. Kh2 g5 31. Rg4 Qc1 32. Rxd4 a5 33. d6 a4 34.
d7 1-0

[Event "3MCR_4D_2LB_1S"]
[Site "?"]
[Date "1999.??.??"]
[Round "1"]
[White "Janous, Petr"]
[Black "Pech, Jaroslav ml"]
[Result "1-0"]
[WhiteElo "2000"]
[BlackElo "1835"]
[PlyCount "73"]
[EventDate "1999.??.??"]
[EventType "corr"]

1. e4 e5 2. Nf3 Nc6 3. Bb5 a6 4. Ba4 Nf6 5. O-O Nxe4 6. d4 b5 7. Bb3 d5 8. dxe5
Be6 9. c3 Bc5 10. Qd3 O-O 11. Nbd2 f5 12. exf6 Nxf6 13. Ng5 Ne5 14. Qg3 Qd6 15.
Bc2 Bg4 16. Nb3 Bb6 17. Bf4 Rae8 18. Nd4 h6 19. Rfe1 Nfd7 20. Qxg4 Bxd4 21.
cxd4 Nxg4 22. Bxd6 cxd6 23. Nf3 Rxe1+ 24. Rxe1 Rc8 25. Bd3 Kf7 26. Nh4 Ngf6 27.
Nf5 Rc6 28. Re7+ Kf8 29. Rxg7 Rc1+ 30. Bf1 Rc2 31. g4 Rxb2 32. h4 Rxa2 33. g5
hxg5 34. hxg5 b4 35. Re7 Nh5 36. Rxd7 Nf4 37. Rxd6 1-0

[Event "3MCR_4D_2LB_1S"]
[Site "?"]
[Date "1999.??.??"]
[Round "1"]
[White "Klempar, Miloslav"]
[Black "Pech, Jaroslav ml"]
[Result "1-0"]
[WhiteElo "2290"]
[BlackElo "1835"]
[PlyCount "73"]
[EventDate "1999.??.??"]
[EventType "corr"]

1. d4 Nf6 2. c4 g6 3. Nc3 Bg7 4. e4 d6 5. f3 O-O 6. Be3 Nc6 7. Qd2 e5 8. d5 Nd4
9. Nge2 Nxe2 10. Bxe2 Ne8 11. Bg5 Bf6 12. Bh6 Bg7 13. O-O f5 14. Rac1 f4 15.
Bxg7 Kxg7 16. Rfd1 c5 17. dxc6 Qb6+ 18. c5 Qxc5+ 19. Kf1 Qxc6 20. Nd5 Qd7 21.
Qa5 b6 22. Nxb6 Qd8 23. Rxd6 Qxd6 24. Nxa8 Qb8 25. Nc7 Qxb2 26. Nxe8+ Rxe8 27.
Qxa7+ Kh8 28. Rc7 Qa1+ 29. Kf2 Qd4+ 30. Qxd4 exd4 31. Bb5 Rd8 32. Re7 d3 33.
Ke1 d2+ 34. Kd1 g5 35. a4 h6 36. a5 g4 37. a6 1-0

[Event "3MCR_4D_2LB_1S"]
[Site "?"]
[Date "1999.??.??"]
[Round "1"]
[White "Pech, Jaroslav ml"]
[Black "Konicek, Petr"]
[Result "1/2-1/2"]
[WhiteElo "1835"]
[BlackElo "2035"]
[PlyCount "88"]
[EventDate "1999.??.??"]
[EventType "corr"]

1. d4 Nf6 2. c4 g6 3. Nc3 Bg7 4. e4 d6 5. Nf3 O-O 6. Be2 Nbd7 7. O-O e5 8. Re1
Re8 9. Bf1 exd4 10. Nxd4 Nc5 11. f3 a5 12. Be3 Ne6 13. Ndb5 Nh5 14. Qd2 Be5 15.
Nd5 c6 16. Nb6 Rb8 17. Na7 Bd7 18. Rad1 Nf8 19. c5 Qh4 20. g4 Ng7 21. cxd6 Nge6
22. Nc4 Bg7 23. Qxa5 b5 24. Nb6 Qd8 25. Qa6 Nd4 26. Nxd7 Nxf3+ 27. Kf2 Nxe1 28.
Nxb8 Qh4+ 29. Ke2 Rxe4 30. Rxe1 Bh6 31. Kd1 Bxe3 32. Naxc6 Qxh2 33. Rxe3 Rxe3
34. Ne7+ Kg7 35. Qxb5 Qf2 36. Be2 Ne6 37. Nbc6 Nf4 38. Nd4 Re4 39. Ndf5+ gxf5
40. Nxf5+ Kg6 41. d7 Rxe2 42. Qa6+ Re6 43. d8=Q Rxa6 44. Nh4+ Kh6 1/2-1/2

[Event "3MCR_4D_2LB_1S"]
[Site "?"]
[Date "1999.??.??"]
[Round "1"]
[White "Zitek, Svatoslav"]
[Black "Konicek, Petr"]
[Result "1-0"]
[WhiteElo "1800"]
[BlackElo "2035"]
[PlyCount "123"]
[EventDate "1999.??.??"]
[EventType "corr"]

1. e4 e5 2. Nf3 Nc6 3. d4 exd4 4. c3 dxc3 5. Bc4 Nf6 6. Nxc3 Bb4 7. e5 d5 8.
Bb3 Ne4 9. O-O Nxc3 10. bxc3 Bxc3 11. Bg5 Ne7 12. Rc1 Ba5 13. Bxd5 Qxd5 14.
Qa4+ Bd7 15. Qa3 Qe6 16. Qxa5 b6 17. Qa6 c5 18. Rfd1 Nd5 19. a3 O-O 20. Qd3 Bc6
21. Bh4 Nf4 22. Qe3 Bxf3 23. gxf3 Ng6 24. Bg3 Rad8 25. Rd6 Rxd6 26. exd6 Qxe3
27. fxe3 f6 28. e4 Kf7 29. f4 Rd8 30. e5 Nf8 31. Re1 f5 32. Kf2 Ne6 33. Ke3 h6
34. h4 Nd4 35. Kd3 Ke6 36. h5 Kd5 37. Bf2 Ne6 38. Rd1 Kc6 39. Ke3 b5 40. Be1
Kb6 41. Bd2 a5 42. Kd3 Kc6 43. a4 b4 44. Kc4 Rb8 45. Rg1 Rb7 46. Rc1 Nd4 47.
Rb1 Nc2 48. Bc1 g6 49. hxg6 Rg7 50. Rb3 Rxg6 51. Rd3 Nd4 52. Be3 Rg7 53. Bxd4
cxd4 54. Kxd4 h5 55. Kc4 h4 56. e6 Rg3 57. Rd5 Re3 58. d7 Re4+ 59. Kd3 Kxd5 60.
d8=Q+ Kxe6 61. Qg8+ Kd6 62. Qg6+ 1-0

[Event "3MCR_4D_2LB_1S"]
[Site "?"]
[Date "1999.??.??"]
[Round "1"]
[White "Kolar, Pavel"]
[Black "Horacek, Jiri"]
[Result "1/2-1/2"]
[WhiteElo "2180"]
[BlackElo "2185"]
[PlyCount "72"]
[EventDate "1999.??.??"]
[EventType "corr"]

1. e4 e5 2. f4 exf4 3. Bc4 Nf6 4. Nc3 c6 5. d4 Bb4 6. e5 Ne4 7. Kf1 Nxc3 8.
bxc3 Bxc3 9. Ba3 b5 10. Qg4 g5 11. Bd6 bxc4 12. Nh3 h6 13. Rb1 Bd2 14. Nf2 c3
15. Ne4 Qa5 16. Qf5 Qxa2 17. Nxd2 Qe6 18. Qxe6+ dxe6 19. Ne4 Nd7 20. Rb3 Nb6
21. h4 g4 22. Nf6+ Kd8 23. Nxg4 Nc4 24. Rxc3 f5 25. Nf6 Nxd6 26. exd6 Rb8 27.
Kf2 Rf8 28. Nh5 Kd7 29. Nxf4 Kxd6 30. Nd3 Rb6 31. Ra1 Ra6 32. Rxa6 Bxa6 33. Ne5
Bb7 34. Ra3 Bc8 35. Rc3 Bd7 36. Ra3 Ra8 1/2-1/2

[Event "3MCR_4D_2LB_1S"]
[Site "?"]
[Date "1999.??.??"]
[Round "1"]
[White "Pech, Jaroslav ml"]
[Black "Michalek, Frantisek"]
[Result "1-0"]
[WhiteElo "1835"]
[BlackElo "2185"]
[PlyCount "63"]
[EventDate "1999.??.??"]
[EventType "corr"]

1. d4 Nf6 2. c4 e6 3. Nc3 Bb4 4. Qc2 c5 5. dxc5 O-O 6. a3 Bxc5 7. Nf3 Nc6 8.
Bg5 Nd4 9. Nxd4 Bxd4 10. e3 Qa5 11. exd4 Qxg5 12. Qd2 Qxd2+ 13. Kxd2 b6 14. Bd3
Bb7 15. f3 d5 16. c5 bxc5 17. dxc5 d4 18. Nb5 Rfd8 19. Nd6 Bd5 20. b4 Kf8 21.
Rac1 Ke7 22. Rhe1 g6 23. Bc4 Rxd6 24. cxd6+ Kxd6 25. Kd3 e5 26. f4 exf4 27.
Bxd5 Nxd5 28. Re4 a5 29. b5 Rb8 30. a4 Nb4+ 31. Kxd4 g5 32. Rc5 1-0

[Event "3MCR_4D_2LB_1S"]
[Site "?"]
[Date "1999.??.??"]
[Round "1"]
[White "Pech, Jaroslav ml"]
[Black "Biolek, Richard"]
[Result "1/2-1/2"]
[WhiteElo "1835"]
[BlackElo "2130"]
[PlyCount "67"]
[EventDate "1999.??.??"]
[EventType "corr"]

1. e4 e6 2. d4 d5 3. Nd2 Nf6 4. e5 Nfd7 5. Bd3 c5 6. c3 b6 7. Ne2 Ba6 8. Bxa6
Nxa6 9. O-O Nc7 10. f4 f5 11. exf6 Nxf6 12. Ng3 Bd6 13. Nf3 O-O 14. Ne5 Qe8 15.
Qe2 cxd4 16. cxd4 Qb5 17. Qe3 Bxe5 18. Qxe5 Qd7 19. Bd2 Rfe8 20. a4 Rac8 21.
Rfe1 Na6 22. a5 b5 23. Rac1 Kf7 24. Nh5 Nxh5 25. Qxh5+ Kg8 26. Qe5 Kf7 27. b3
Nb8 28. Rc5 Rxc5 29. dxc5 Nc6 30. Qe2 a6 31. b4 g6 32. Qf3 Re7 33. Qg4 Ke8 34.
Qg3 1/2-1/2

[Event "3MCR_4D_2LB_1S"]
[Site "?"]
[Date "1999.??.??"]
[Round "1"]
[White "Klempar, Miloslav"]
[Black "Michalek, Frantisek"]
[Result "1/2-1/2"]
[WhiteElo "2290"]
[BlackElo "2185"]
[PlyCount "79"]
[EventDate "1999.??.??"]
[EventType "corr"]

1. d4 Nf6 2. c4 e6 3. Nc3 Bb4 4. Qc2 c5 5. dxc5 O-O 6. Bf4 Na6 7. Bd6 Re8 8. a3
Qa5 9. Rc1 Bxc3+ 10. Qxc3 Qxc3+ 11. Rxc3 Ne4 12. Rc2 Naxc5 13. Bxc5 Nxc5 14.
Nf3 a5 15. e3 a4 16. Be2 b6 17. O-O Bb7 18. Rd1 d5 19. cxd5 Bxd5 20. Rd4 Rec8
21. Rb4 Rab8 22. Nd2 Kf8 23. f3 Nb3 24. Rxc8+ Rxc8 25. Nxb3 Bxb3 26. Bd3 Rd8
27. Bb5 Rd2 28. Bc6 Rxb2 29. Bxa4 Rb1+ 30. Kf2 Ba2 31. Rxb1 Bxb1 32. e4 e5 33.
Bb3 f5 34. exf5 Bxf5 35. g4 Bd7 36. Ke3 Ke7 37. h4 h6 38. h5 Kf6 39. Bc2 Bc6
40. Be4 1/2-1/2

[Event "3MCR_4D_2LB_1S"]
[Site "?"]
[Date "1999.??.??"]
[Round "1"]
[White "Zitek, Svatoslav"]
[Black "Ridky, Vladimir"]
[Result "1/2-1/2"]
[WhiteElo "1800"]
[BlackElo "2215"]
[PlyCount "83"]
[EventDate "1999.??.??"]
[EventType "corr"]

1. e4 e6 2. d3 d5 3. Nd2 Nf6 4. Ngf3 c5 5. g3 Nc6 6. Bg2 Be7 7. O-O O-O 8. Re1
b5 9. e5 Nd7 10. Nf1 a5 11. h4 b4 12. Bf4 Ba6 13. Ne3 a4 14. Ng4 Qc7 15. h5 h6
16. Qd2 Rfb8 17. Bxh6 gxh6 18. Nxh6+ Kg7 19. Ng5 Rh8 20. Qf4 Ndxe5 21. Qxf7+
Nxf7 22. Nxe6+ Kxh6 23. Nxc7 Bb7 24. Nxa8 Rxa8 25. Bxd5 Nfd8 26. g4 Bf6 27. f4
Bd4+ 28. Kg2 a3 29. Rab1 axb2 30. Kg3 Na5 31. Bxb7 Naxb7 32. Re7 Nd6 33. g5+
Kxh5 34. Rh7+ Kg6 35. Rh6+ Kf5 36. Rxd6 Nf7 37. Rd5+ Ke6 38. Rxd4 cxd4 39. Rxb2
Nd6 40. Kf3 Ra4 41. Kg4 Nb5 42. Kf3 1/2-1/2

[Event "3MCR_4D_2LB_1S"]
[Site "?"]
[Date "1999.??.??"]
[Round "1"]
[White "Biolek, Richard"]
[Black "Sebek, Pavel"]
[Result "1/2-1/2"]
[WhiteElo "2130"]
[BlackElo "2065"]
[PlyCount "67"]
[EventDate "1999.??.??"]
[EventType "corr"]

1. d4 Nf6 2. c4 e6 3. Nf3 d6 4. Nc3 g6 5. e4 Bg7 6. Be2 O-O 7. O-O c6 8. h3
Nbd7 9. Be3 e5 10. d5 Qc7 11. Nd2 a6 12. a3 Re8 13. Qc2 c5 14. Kh2 Nb6 15. b4
Nbd7 16. Nb3 b6 17. Rab1 Bb7 18. Rb2 Rab8 19. Rfb1 Ba8 20. bxc5 bxc5 21. Bd2
Nb6 22. g3 h6 23. Bd3 Kh7 24. f4 exf4 25. gxf4 Nfd7 26. Nc1 Bh8 27. N1e2 Bg7
28. Ng3 Bh8 29. Rg1 Nf6 30. Rbb1 Bg7 31. Nce2 Nbd7 32. Bc3 Kg8 33. Rbf1 Bb7 34.
Rf2 1/2-1/2

[Event "3MCR_4D_2LB_1S"]
[Site "?"]
[Date "1999.??.??"]
[Round "1"]
[White "Ridky, Vladimir"]
[Black "Sebek, Pavel"]
[Result "1-0"]
[WhiteElo "2215"]
[BlackElo "2065"]
[PlyCount "65"]
[EventDate "1999.??.??"]
[EventType "corr"]

1. d4 Nf6 2. c4 e6 3. Nc3 Bb4 4. Qc2 c5 5. dxc5 O-O 6. Nf3 Nc6 7. a3 Bxc5 8.
Bg5 Be7 9. e3 a6 10. Rd1 Qc7 11. Bd3 h6 12. Bh4 d6 13. O-O Re8 14. b4 Bd7 15.
Qd2 Rad8 16. Be2 Bc8 17. Qc2 b6 18. Bxf6 Bxf6 19. Nd5 exd5 20. cxd5 Bb7 21. b5
a5 22. bxc6 Re7 23. Nd4 Bxd4 24. Rxd4 Rde8 25. Rb1 Ba8 26. Qf5 Kh8 27. Bd3 g6
28. Qf6+ Kh7 29. Rg4 Rg8 30. Rxb6 Rg7 31. Ra6 Re5 32. Rxa8 Rxd5 33. Rxg6 1-0

[Event "3MCR_4D_2LB_1S"]
[Site "?"]
[Date "1999.??.??"]
[Round "1"]
[White "Michalek, Frantisek"]
[Black "Ridky, Vladimir"]
[Result "1-0"]
[WhiteElo "2185"]
[BlackElo "2215"]
[PlyCount "65"]
[EventDate "1999.??.??"]
[EventType "corr"]

1. e4 e6 2. d4 d5 3. Nc3 Nf6 4. Bg5 Be7 5. e5 Nfd7 6. Bxe7 Qxe7 7. f4 O-O 8.
Nf3 c5 9. Nb5 Nc6 10. c3 f6 11. Bd3 fxe5 12. fxe5 cxd4 13. cxd4 Qb4+ 14. Qd2
Nb6 15. Qxb4 Nxb4 16. Kd2 Nxd3 17. Kxd3 Bd7 18. Nd6 h6 19. Rac1 Bc6 20. Ke3 Nc8
21. Rc3 Nxd6 22. exd6 Rad8 23. Ne5 Rxd6 24. Rhc1 g5 25. Nxc6 bxc6 26. Rxc6 Rxc6
27. Rxc6 Rf1 28. Ra6 Re1+ 29. Kd3 Rg1 30. g3 Rg2 31. Kc3 Kf7 32. Rxa7+ Kf6 33.
b4 1-0

[Event "3MCR_4D_2LB_1S"]
[Site "?"]
[Date "1999.??.??"]
[Round "1"]
[White "Ridky, Vladimir"]
[Black "Klempar, Miloslav"]
[Result "1/2-1/2"]
[WhiteElo "2215"]
[BlackElo "2290"]
[PlyCount "102"]
[EventDate "1999.??.??"]
[EventType "corr"]

1. d4 Nf6 2. c4 e6 3. Nf3 b6 4. g3 Bb7 5. Bg2 Be7 6. Nc3 Ne4 7. Bd2 Bf6 8. O-O
O-O 9. Rc1 d5 10. cxd5 exd5 11. Bf4 Nd7 12. Bxc7 Qe7 13. Bf4 Rac8 14. Qa4 Nxc3
15. Rxc3 Rxc3 16. bxc3 a6 17. c4 dxc4 18. Qxc4 Rc8 19. Qd3 Nf8 20. Rc1 Rxc1+
21. Bxc1 Qe6 22. a3 b5 23. Qd2 Be4 24. Bb2 Qb3 25. Qc1 Qd5 26. Qc3 Ne6 27. Qc8+
Nd8 28. h3 Qb3 29. Qc3 Qd1+ 30. Qe1 Qb3 31. Qd2 Qd5 32. Ne1 Bxg2 33. Nxg2 Ne6
34. Nf4 Nxf4 35. Qxf4 h6 36. e4 Qb3 37. Qc1 Qd3 38. e5 Be7 39. Qc8+ Kh7 40. Qc1
Kg8 41. Bc3 h5 42. h4 f6 43. exf6 gxf6 44. Qb2 Kf7 45. Bb4 Bxb4 46. Qxb4 Kg6
47. Qc5 a5 48. Kg2 Qe4+ 49. Kf1 Qd3+ 50. Ke1 a4 51. d5 Kf7 1/2-1/2

[Event "3MCR_4D_2LB_1S"]
[Site "?"]
[Date "1999.??.??"]
[Round "1"]
[White "Kolar, Pavel"]
[Black "Zitek, Svatoslav"]
[Result "1-0"]
[WhiteElo "2180"]
[BlackElo "1800"]
[PlyCount "81"]
[EventDate "1999.??.??"]
[EventType "corr"]

1. e4 e5 2. f4 d5 3. exd5 c6 4. Nc3 exf4 5. Nf3 Bd6 6. Bc4 Ne7 7. dxc6 Nbxc6 8.
d4 O-O 9. O-O Bg4 10. Ne4 Rc8 11. c3 Bb8 12. Qd3 Ng6 13. Bb3 Bf5 14. Bc2 Re8
15. Nf6+ Qxf6 16. Qxf5 Qxf5 17. Bxf5 Rcd8 18. Bd2 Nge7 19. Be4 h6 20. Rae1 Bc7
21. Bc1 f6 22. Re2 Kf7 23. Rfe1 f5 24. Bd3 a6 25. Nh4 g5 26. Nxf5 Nxf5 27. Bxf5
Rxe2 28. Rxe2 Ne7 29. Be6+ Kf6 30. Bg4 Nf5 31. Bxf5 Kxf5 32. Re7 Rc8 33. Kf2 b5
34. Bd2 g4 35. Rh7 Kg6 36. Rd7 h5 37. h3 Bb8 38. Rd5 Rc6 39. h4 Rb6 40. Rg5+
Kh6 41. Ke2 1-0

[Event "3MCR_4D_2LB_1S"]
[Site "?"]
[Date "1999.??.??"]
[Round "1"]
[White "Omelka, Roman"]
[Black "Zitek, Svatoslav"]
[Result "1-0"]
[WhiteElo "2170"]
[BlackElo "1800"]
[PlyCount "91"]
[EventDate "1999.??.??"]
[EventType "corr"]

1. e4 e5 2. Nf3 Nc6 3. Bb5 f5 4. Nc3 fxe4 5. Nxe4 d5 6. Nxe5 dxe4 7. Nxc6 Qg5
8. Qe2 Nf6 9. f4 Qh4+ 10. g3 Qh3 11. Ne5+ c6 12. Bc4 Bc5 13. d3 Be6 14. Be3
exd3 15. Nxd3 Bg4 16. Qf2 Ne4 17. Qg1 Be7 18. Ne5 Be6 19. Bf1 Qh5 20. Be2 Qh3
21. Bf1 Qh5 22. Be2 Qh3 23. Bf3 Bb4+ 24. Ke2 Nf6 25. Bxa7 Nd7 26. Nd3 Be7 27.
Bd4 O-O 28. a3 c5 29. Bc3 c4 30. Nf2 Qf5 31. Ne4 Nf6 32. Qd4 Qg6 33. Ng5 Rad8
34. Qe5 Bd5 35. Bxd5+ Rxd5 36. Qe6+ Kh8 37. Bxf6 Qxc2+ 38. Kf3 Rd3+ 39. Kg4 h5+
40. Kh3 Bxf6 41. Rhc1 Qa4 42. Rxc4 Qd7 43. Re1 Bxb2 44. Rc7 Qxe6+ 45. Nxe6 Re8
46. Ng5 1-0

[Event "3MCR_4D_2LB_1S"]
[Site "?"]
[Date "1999.??.??"]
[Round "1"]
[White "Janous, Petr"]
[Black "Horacek, Jiri"]
[Result "1/2-1/2"]
[WhiteElo "2000"]
[BlackElo "2185"]
[PlyCount "97"]
[EventDate "1999.??.??"]
[EventType "corr"]

1. e4 e5 2. Nf3 Nc6 3. Bb5 a6 4. Ba4 Nf6 5. O-O Be7 6. Re1 d6 7. Bxc6+ bxc6 8.
d4 exd4 9. Nxd4 Bd7 10. Nc3 O-O 11. Qf3 Re8 12. b3 d5 13. exd5 cxd5 14. Bb2 c6
15. Nf5 Bxf5 16. Qxf5 Bd6 17. Rxe8+ Qxe8 18. Na4 Ne4 19. Re1 Qe7 20. c4 Rd8 21.
cxd5 cxd5 22. Qg4 f6 23. Bd4 Qc7 24. Qe6+ Kh8 25. g3 Qc6 26. Kg2 h6 27. Nc3 Ng5
28. Qf5 Qc8 29. Qxc8 Rxc8 30. Nxd5 Rc2 31. Rd1 Ba3 32. h4 Ne6 33. Bc3 Rxa2 34.
b4 Kg8 35. Ne3 Kf8 36. Rd7 Bc1 37. Nd5 Bb2 38. Bxb2 Rxb2 39. Rd6 Nd4 40. Rxa6
Nc2 41. Ra8+ Kf7 42. Ra7+ Kf8 43. Rb7 Ne1+ 44. Kf1 Nd3 45. Nf4 Nxf4 46. gxf4 h5
47. Kg2 Kg8 48. Kf3 Kh7 49. f5 1/2-1/2